000192094 001__ 192094
000192094 005__ 20160817112416.0
000192094 022__ $$a0022-4065
000192094 0247_ $$2ZDBID$$aPERI:(DE-600)410512-6
000192094 0247_ $$2ZDBPPN$$aZDPPN:012261882
000192094 0247_ $$2OCLC$$aOCLC:220829248
000192094 0247_ $$2JCR$$aJCR:J QUAL TECHNOL
000192094 0247_ $$2ISI$$aWOS:JOURNAL OF QUALITY TECHNOLOGY
000192094 0247_ $$2SCOPUS$$aSCOPUS:21184
000192094 0247_ $$2ERA$$aERA:816
000192094 030__ $$aJQUTA
000192094 035__ $$aPERI:(DE-600)410512-6
000192094 041__ $$aeng
000192094 082__ $$a600
000192094 2100_ $$2ZDB$$aJ. Qual. Technol.
000192094 2100_ $$2ZDB$$aJ. Qual. Technol (USA)
000192094 245__ $$aJournal of quality technology$$ba quarterly journal of methods, applications and related topics$$cAmerican Society for Quality$$hprint, online
000192094 2463_ $$aJournal of Quality Technology
000192094 2463_ $$aJ QUAL TECHNOL
000192094 260__ $$aMilwaukee, Wis.$$bASQ
000192094 380__ $$2marcgt$$ajournal
000192094 500__ $$aAutomatically generated record. (Updated: 08/2016)
000192094 650_7 $$0SWD:040592057$$2SWD$$aTechnik
000192094 650_7 $$0ERA:0104$$2ERA$$aStatistics
000192094 650_7 $$0ERA:0913$$2ERA$$aMechanical Engineering
000192094 650_7 $$0ERA:1503$$2ERA$$aBusiness And Management
000192094 650_7 $$0ASJC:1408$$2ASJC$$aStrategy and Management
000192094 650_7 $$0ASJC:1803$$2ASJC$$aManagement Science and Operations Research
000192094 650_7 $$0ASJC:2209$$2ASJC$$aIndustrial and Manufacturing Engineering
000192094 650_7 $$0ASJC:2213$$2ASJC$$aSafety, Risk, Reliability and Quality
000192094 7101_ $$0GKD:954582160$$2GKD$$aAmerican Society for Quality
000192094 7101_ $$0GKD:000008567$$2GKD$$aAmerican Society for Quality Control
000192094 909CO $$ooai:juser.fz-juelich.de:814792$$pauthority:PERI$$pauthority
000192094 909CO $$ooai:juser.fz-juelich.de:814792
000192094 915__ $$0StatID:(DE-HGF)0100$$2StatID$$aJCR$$bJ QUAL TECHNOL : 2015
000192094 915__ $$0StatID:(DE-HGF)0200$$2StatID$$aDBCoverage$$bSCOPUS
000192094 915__ $$0StatID:(DE-HGF)0199$$2StatID$$aDBCoverage$$bThomson Reuters Master Journal List
000192094 915__ $$0StatID:(DE-HGF)0110$$2StatID$$aWoS$$bScience Citation Index
000192094 915__ $$0StatID:(DE-HGF)0150$$2StatID$$aDBCoverage$$bWeb of Science Core Collection
000192094 915__ $$0StatID:(DE-HGF)0111$$2StatID$$aWoS$$bScience Citation Index Expanded
000192094 915__ $$0StatID:(DE-HGF)1160$$2StatID$$aDBCoverage$$bCurrent Contents - Engineering, Computing and Technology
000192094 915__ $$0StatID:(DE-HGF)9900$$2StatID$$aIF < 5
000192094 980__ $$aPERI
000192094 980__ $$aAUTHORITY